Způsoby hodnocení závazků v životním pojištění - od tradičních metod k aktuálním

Autor sa zmieňuje o niektorých v súčasnosti používaných metódach hodnotenia záväzkov v životnom poistení, od tradičných až po moderné, ku ktorým vývoj v tejto oblasti smeruje. Pritom nezachádza do väčších podrobností a sústreďuje sa na popis základných princípov a odlišností týchto metód tak, aby aj...

Descrizione completa

Salvato in:
Dettagli Bibliografici
Autore principale: Janeček, Martin
Natura: Capitolo di libro
Lingua:ceco
Soggetti:
Tags: Aggiungi Tag
Nessun Tag, puoi essere il primo ad aggiungerne!!

MARC

LEADER 00000naa$a2200000$$$4500
001 0017617
005 20230918115514.8
041 0 |a cze 
044 |a SK 
245 1 0 |a Způsoby hodnocení závazků v životním pojištění - od tradičních metod k aktuálním  |c aut. Martin Janeček 
520 |a Autor sa zmieňuje o niektorých v súčasnosti používaných metódach hodnotenia záväzkov v životnom poistení, od tradičných až po moderné, ku ktorým vývoj v tejto oblasti smeruje. Pritom nezachádza do väčších podrobností a sústreďuje sa na popis základných princípov a odlišností týchto metód tak, aby aj nematematik bol schopný získať základný prehľad. 
610 2 0 |a poistenie životné 
610 2 0 |a záväzky 
610 2 0 |a metódy 
100 1 |a Janeček, Martin